000
00347 a2200169 4500
001
195000
020
_a
040
_c
Magnum
100
_a
Lispector, Clarice
240
1
0
_a
A hora da estrela
_l
por
245
1
0
_a
A hora da estrela
300
_a
88
362
0
_a
1999
440
1
_a
José Olympio
697
_a
LITERATURA GERAL
942
_c
BK
999
_c
195000
_d
195000